[Event "BCF-ch U12"]
[Site "Coventry"]
[Date "2015.08.02"]
[Round "2"]
[White "Selby, Oscar"]
[Black "Potel, Zachary"]
[Result "1-0"]
[WhiteElo "127"]
[BlackElo "103"]
[PlyCount "113"]
[EventDate "2015.08.02"]
[EventType "swiss"]
[EventRounds "7"]
[EventCountry "ENG"]
[SourceTitle "CBM 167 Extra"]
[Source "ChessBase"]
[SourceDate "2015.09.14"]
[SourceVersion "1"]
[SourceVersionDate "2015.09.14"]
[SourceQuality "1"]

1. e4 e5 2. Nf3 Nf6 3. Nxe5 d6 4. Nf3 Nxe4 5. d3 Nf6 6. Be2 Be7 7. 0-0 0-0 8. Nc3 Nc6 9. Bf4 d5 10. d4 h6 11. Re1 Bg4 12. Ne5 Bxe2 13. Rxe2 Na5 14. Qd3 Bd6 15. Nb5 Bxe5 16. dxe5 Ne4 17. e6 c6 18. Nc7 Rc8 19. exf7+ Rxf7 20. Ne6 Qe7 21. Qh3 Rf6 22. Nxg7 Rcf8 23. Bxh6 Rxh6 24. Qxh6 Qxg7 25. Qxg7+ Kxg7 26. f3 Nd6 27. Re7+ Kf6 28. Rae1 Rf7 29. R7e6+ Kf5 30. Rxd6 Nc4 31. Rde6 Nxb2 32. Re7 Kf6 33. Rxf7+ Kxf7 34. Rb1 Nc4 35. Rxb7+ Ke6 36. Rxa7 d4 37. Ra4 Kd5 38. Kf2 Ne3 39. Ke2 Nxc2 40. Kd3 Ne3 41. Rxd4+ Kc5 42. Kxe3 Kb5 43. h4 c5 44. Rd5 Kb4 45. Rxc5 Kxc5 46. h5 Kb4 47. h6 Ka3 48. h7 Kxa2 49. h8Q Kb3 50. Kd3 Kb4 51. Qc3+ Kb5 52. Kd4 Kb6 53. Kd5 Kb7 54. Qc6+ Kb8 55. Qd7 Ka8 56. Kc6 Kb8 57. Qb7# 1-0